书目信息 |
| 题名: |
矩阵论
|
|
| 作者: | 戴华 编著 | |
| 分册: | ||
| 出版信息: | 北京 科学出版社 2001 |
|
| 页数: | 288页 | |
| 开本: | 24cm | |
| 丛书名: | 研究生数学教学系列 | |
| 单 册: | ||
| 中图分类: | O151.21 | |
| 科图分类: | ||
| 主题词: | 矩阵--理论--研究生 | |
| 电子资源: | ||
| ISBN: | 7-03-009673-8 | |
| 000 | 01028oam2 2200241 45 | |
| 001 | 010000000127 | |
| 005 | 20050905145440.12 | |
| 010 | @a7-03-009673-8@dCNY28.00 | |
| 100 | @a20030807e20022001em y0chiy0120 ea | |
| 101 | 0 | @achi |
| 102 | @aCN@b110000 | |
| 105 | @ay z 000yy | |
| 200 | 1 | @a矩阵论@Aju zhen lun@f戴华编著@Fdai hua bian zhu |
| 210 | @a北京@c科学出版社@d2001 | |
| 215 | @a288页@d24cm | |
| 225 | 2 | @a研究生数学教学系列@i工科类@v3 |
| 330 | @a本书较全面、系统地介绍了矩阵理论的基本理论、方法和某些应用。全书共分十章,分别介绍了线性空间与内积空间、线性映射与线性变换,入矩阵与Jordan标准形、初等矩阵与矩阵因子分解、Hermite矩阵与正定矩阵、范数理论与扰动分析、矩阵函数矩阵值函数、广义逆矩阵与线性方程组、Kronecker积与线性矩阵方程、非负矩阵与m矩阵等内容,本书各章后面配有一定数量的习题,有利于读者学习和巩固。 | |
| 410 | 0 | @12001 @a研究生数学教学系列@i工科类@v3 |
| 606 | 0 | @a矩阵@x理论@x研究生 |
| 690 | @aO151.21@v4 | |
| 701 | 0 | @a戴华@Adai hua@4编著 |
| 801 | 0 | @aCN@bTSSF@c20050905 |
| 905 | @a10447@dO151.21@e174 | |
| 矩阵论/戴华编著.-北京:科学出版社,2001 |
| 288页;24cm.-(研究生数学教学系列.工科类;3) |
| ISBN 7-03-009673-8:CNY28.00 |
| 本书较全面、系统地介绍了矩阵理论的基本理论、方法和某些应用。全书共分十章,分别介绍了线性空间与内积空间、线性映射与线性变换,入矩阵与Jordan标准形、初等矩阵与矩阵因子分解、Hermite矩阵与正定矩阵、范数理论与扰动分析、矩阵函数矩阵值函数、广义逆矩阵与线性方程组、Kronecker积与线性矩阵方程、非负矩阵与m矩阵等内容,本书各章后面配有一定数量的习题,有利于读者学习和巩固。 |
| ● |
| 相关链接 |
|
|
|
|
正题名:矩阵论
索取号:O151.21/174
 
预约/预借
| 序号 | 登录号 | 条形码 | 馆藏地/架位号 | 状态 | 备注 |
| 1 | 0360122 | 3601221 | 第二样本阅览室/ [索取号:O151.21/174] | 在馆 | |
| 2 | 0360123 | 3601230 | 第三借阅区/ [索取号:O151.21/174] | 在馆 | |
| 3 | 0360124 | 3601249 | 第三借阅区/ [索取号:O151.21/174] | 在馆 | |
| 4 | 0360125 | 3601258 | 第三借阅区/ [索取号:O151.21/174] | 在馆 | |
| 5 | 0360126 | 3601267 | 第三借阅区/ [索取号:O151.21/174] | 在馆 |